Principles of electricity and magnetism

Đã lưu trong:
书目详细资料
主要作者: Palit, Saunak
格式: 图书
语言:Undetermined
出版: Harrow, England Alpha Science International Ltd 2005
主题:
标签: 添加标签
没有标签, 成为第一个标记此记录!
Thư viện lưu trữ: Trung tâm Học liệu Trường Đại học Cần Thơ
LEADER 00523nam a2200193Ia 4500
001 CTU_117825
008 210402s9999 xx 000 0 und d
020 |c 53.68 
082 |a 537 
082 |b P163 
100 |a Palit, Saunak 
245 0 |a Principles of electricity and magnetism 
245 0 |c Saunak Palit 
260 |a Harrow, England 
260 |b Alpha Science International Ltd 
260 |c 2005 
650 |a electricity,magnetism 
904 |i Truc 
980 |a Trung tâm Học liệu Trường Đại học Cần Thơ